| 000 | 006120000a22002050004500 | ||
|---|---|---|---|
| 090 |
_aAR _b01616 |
||
| 245 | 1 | 0 | _aFour new riodinid species from eastern Ecuador (<Lepidoptera: Riodinidae>) |
| 650 | 1 | 4 |
_aEtología _97606 |
| 650 | 1 | 4 |
_aHábitat animal _994646 |
| 650 | 1 | 4 |
_aMorfología _992917 |
| 650 | 1 | 4 |
_aNuevas especies _992905 |
| 651 | 4 |
_pColombia _992749 |
|
| 651 | 4 |
_pEcuador _992749 |
|
| 653 |
_fRiodinidae _gArgyrogrammana |
||
| 041 | 0 | _aInglés | |
| 700 | 1 |
_aWillmott, Keith R. _993698 |
|
| 100 | 1 |
_aHall, Jason P. W. _993699 |
|
| 942 | _cARTICULO | ||
| 773 | 1 |
_tLambillionea _31156 _h3 _q325-333 _d1998 _g98 |
|
| 999 |
_c10697 _d10697 |
||